| 000 | 00887nam a22002057a 4500 | ||
|---|---|---|---|
| 999 |
_c61899 _d61899 |
||
| 003 | Ge_BSU | ||
| 005 | 20240605153829.0 | ||
| 008 | 240605s2024 ge ||||| |||| 00| 0 geo d | ||
| 020 | _a9789941988325 | ||
| 041 | _ageo | ||
| 080 | _a821.353.1-1 ტ-88 | ||
| 100 |
_aტუღუში, გია _915768 |
||
| 245 |
_aქარვისფერი ოკეანე / _cგია ტუღუში; რედ. გოგი სალიაშვილი. |
||
| 264 |
_aთბილისი : _bწიგნიერი, _c2024. |
||
| 300 |
_a136 გვ.; _b21 სმ. |
||
| 500 | _aეძღვნება გმირ დედას ნატალია ჩხარტიშვილს | ||
| 653 | _aმხატვრული ლიტერატურა | ||
| 700 |
_aსალიაშვილი, გოგი _eრედაქტორი _918657 |
||
| 942 |
_2udc _cBK |
||